Statistics for A Hard Day's Night Tracklist (The Beatles)

Click here to take the quiz!

General Stats

  • This quiz has been taken 17 times
  • The average score is 9 of 13

Answer Stats

HintAnswer% Correct
1A Hard Day's Night
100%
7Can't Buy Me Love
89%
3If I Fell
78%
4I'm Happy Just To Dance With You
78%
6Tell Me Why
78%
9I'll Cry Instead
67%
2I Should Have Known Better
67%
5And I Love Her
56%
13I'll Be Back
56%
11When I Get Home
56%
12You Can't Do That
56%
10Things We Said Today
44%
8Any Time At All
33%

Score Distribution

Percentile by Number Answered

Percent of People with Each Score

Your Score History

You have not taken this quiz